000 00554nam a2200169 i 4500
001 58897
003 ES-MaACL
005 20230906163920.0
007 t|
008 031024s1964 sp ||||1| spa d
245 0 0 _aElementos de Microbiología general /
_cL.E. Hawker...[et al.] ; traducido por Dimas Fernández Galiano.
260 _aZaragoza :
_bAcribia,
_c1964.
300 _a498 p., 40 lám. :
_bil. ;
_c24 cm.
700 1 _aHawker. L. E.
_962160
700 1 _aFernández-Galiano, Dimas (
_d1921-2002)
_949798
852 _aES-MaACL
_jC-26150
_bR.55069
999 _c58897
_d58897